000 00959cam a2200229 a 4500
020 _a0521821231
020 _a0521528062 (pbk.)
050 0 0 _aBF 76.8
_b.S73 2003
100 1 _aSternberg, Robert J.
245 1 4 _aThe psychologist's companion :
_ba guide to scientific writing for students and researchers /
_cRobert J. Sternberg ; chapter 5 was contributed by Richard C. Sherman and Beth Dietz-Uhler ; chapter 7 and appendix B were contributed by Chris Leach.
250 _a4th ed.
260 _aCambridge, U.K. ;
_aNew York :
_bCambridge University Press,
_c2003.
300 _a 301 p. :
650 0 _bReport writing
650 0 _bPschological literature
700 1 _aDietz-Uhler, Beth.
700 1 _aLeach, Chris.
856 4 1 _uhttp://www.loc.gov/catdir/samples/cam041/2003043595.html
856 4 2 _uhttp://www.loc.gov/catdir/description/cam032/2003043595.html
856 4 1 _uhttp://www.loc.gov/catdir/toc/cam031/2003043595.html
942 _2lcc
_cGEN
999 _c5185
_d5185